Trpaslík s možnostmi obra SIG Sauer MPX Copperhead

Bibliographic Details
Main Author: Knotek, Jiří (Author)
Other Authors: Čtvrtečka, Ilja (Photographer)
Format: Article
Language:Czech
PhysicalDescription:Fotografie
ISSN:1212-5210
Subjects:

MARC

LEADER 00000nab a2200000 4500
001 vtls012149321
003 SK-MaSNL
005 20260303162702.0
008 220920 2022 xo 000 0 cze
015 |a SNBRB2022/06  |2 LMAOSK 
040 |a LMAOSK  |b slo  |c LMAOSK  |e rda 
041 0 |a cze 
044 |a xo  |c SK 
072 7 |a 623  |x Vojenská technika  |2 konspekt 
080 |a 623.441/.443  |2 2011 
080 |a 623.442  |2 2011 
080 |a (046)  |2 2011 
100 1 |a Knotek, Jiří  |4 aut  |9 604284 
245 1 0 |a Trpaslík s možnostmi obra  |b SIG Sauer MPX Copperhead  |c text:Jiří Knotek ; foto: Ilja Čtvrtečka 
300 |b Fotografie 
336 |a text  |b txt  |2 rdacontent 
337 |a bez média  |b n  |2 rdamedia 
338 |a zväzok  |b nc  |2 rdacarrier 
500 |a Obsahuje technické údaje 
650 0 7 |a pištolové karabíny  |2 LMAOSK  |9 1111685 
650 0 7 |a SIG Sauer MPX Copperhead (pištolová karabína)  |2 LMAOSK  |9 1186204 
650 0 7 |a strelecké zbrane  |2 SNKPH  |9 1110559 
650 0 7 |a pušky  |2 SNKPH  |9 13773 
650 0 7 |a karabíny  |2 LMAOSK  |9 397110 
655 7 |a články  |2 SNKPH  |9 70601 
700 1 |a Čtvrtečka, Ilja  |4 pht  |9 1082823 
773 0 |t Zbraně & náboje  |g Roč. XXIII, č. 6 (2022), s. 44-47  |x 1212-5210 
852 |a LMAOSK  |b KIS3GCP 
958 |a NB 
999 |c 2056413  |d 2058343